|
|
|
|
| LEADER |
00000nam a2200000 a 4500 |
| 001 |
vtls001479783 |
| 003 |
SK-MaSNL |
| 005 |
20260301122151.0 |
| 008 |
130607s2002 xo a 0 eng |
| 015 |
|
|
|a SNBE2004/03-01523
|
| 020 |
|
|
|a 8088779073
|
| 035 |
|
|
|a SNK000435081
|
| 040 |
|
|
|a SNK
|b slo
|c SNK
|e AACR2
|
| 043 |
|
|
|a e-xo---
|
| 044 |
|
|
|a xo
|c SK
|
| 072 |
|
7 |
|a 913(4)
|x Geografia Európy, reálie, cestovanie
|2 konspekt
|
| 080 |
|
|
|a 908(437.6)
|2 1981
|
| 080 |
|
|
|a 908(437.6)(085.5)=111
|2 2. slo
|
| 080 |
|
|
|a (036)
|2 1981
|
| 080 |
|
|
|a (084.12)
|2 1981
|
| 245 |
1 |
|
|a Slovakia
|
| 250 |
|
|
|a [1. vyd.]
|
| 260 |
|
|
|a [Bratislava]
|b Ministry of Foreign Affairs of the Slovak Republic
|c [2002]
|
| 300 |
|
|
|a 1 skladačka ([8] s.)
|b fareb. fotogr.
|c 30 x 64 cm po zložení 30 x 16 cm
|
| 650 |
0 |
7 |
|a turistické zaujímavosti
|2 SNKPH
|9 73869
|
| 651 |
|
7 |
|a Slovensko
|x vlastiveda
|2 SNK
|9 265825
|
| 651 |
|
7 |
|a Slovensko
|x prospekty informačné
|2 SNK
|9 467327
|
| 655 |
|
7 |
|a prospekty
|2 SNK
|9 62175
|
| 655 |
|
7 |
|a informačné publikácie
|2 SNK
|9 70181
|
| 655 |
|
7 |
|a skladačky
|2 SNK
|9 70683
|
| 919 |
|
|
|a 80-88779-07-3
|
| 999 |
|
|
|c 731978
|d 733908
|
| 952 |
|
|
|t P60, <03>, [BOOK], {603}
|a SNK
|b SNK
|y PREZ
|7 0
|p 17A0439321
|o snkOSB 14065
|i snkKSP 10534/2004
|0 0
|1 0
|4 0
|d 2004-08-05
|l 0
|r 2005-01-02 00:00:00
|w 2026-02-23
|